00250nam a2200097Ia 4500008004100000100000900041245003300050260004500083942000700128999001700135190216s9999||||xx |||||||||||||| ||und|| aNull 0aHindi-Aao Padem Aur Sambanth bNational Council Of Educational Research cBK c16968d16968